banner-ar

انهيار العولمة و اعادة اختراع العالم / (Record no. 60078)

MARC details
000 -الفاتح
حقل البيانات ثابتة الطول 00972nam a22002537a 4500
005 - وقت وتاريخ اخر تعامل مع التسجيلة
رقم الضبط 20240530110351.0
008 - عناصر البيانات ثابتة الطول - معلومات عامة
حقل البيانات ثابتة الطول 141224s2009 le g 000 0 ara d
017 ## - رقم الايداع القانونى
رقم الايداع القانونى 2009/2431
المصدر ( الهيئة المختصة) مصر . دار الكتب المصرية
020 ## - الرقم الدولى المعيارى للكتب
الرقم الدولى المعيارى للكتاب 9774274644
040 ## - مصدر الفهرسة
وكالة الفهرسة الأصلية EG-CaGPL
041 0# - رمز اللغة
رمز لغة النص/ المسارات الصوتية أو العنوان الانفرادي ara
رمز لغة الترجمات و/او الاصلية المتوسطة للنص eng
082 04 - رقم تصنيف ديوى العشرى
رقم الطبعة 21
رقم التصنيف 330.9\
رقم المادة س إ
100 1# - المدخل الرئيسى - إسم شخصى
الإسم الشخصى سول ، جون رالستون
245 10 - بيان العنوان
العنوان انهيار العولمة و اعادة اختراع العالم /
بيان المسئوليه,etc تاليف جون رالستون سول ؛ ترجمة محمد الخولى ؛ تقديم حامد عمار
250 ## - بيان الطبعة
بيان الطبعة ط1
260 ## - PUBLICATION, DISTRIBUTION, ETC. (IMPRINT)
تاريخ النشر أو التوزيع 2009
300 ## - الوصف المادى
التعداد 495 ص ؛
أبعاد الوعاء 24 سم
650 04 - المدخل الاضافى بالموضوع-مصطلح موضوعى
مصطلح موضوعي العولمة
التقسيم الفرعي العام انهيار
650 04 - المدخل الاضافى بالموضوع-مصطلح موضوعى
مصطلح موضوعي الاحوال الاقتصادية
700 0# - المدخل الاضافى - اسم شخصى
الإسم الشخصى محمد الخولى
الدور مترجم
700 0# - المدخل الاضافى - اسم شخصى
الإسم الشخصى حامد عمار
الدور مقدم
942 ## - عناصر المدخل الإضافي( كوها)
مصدر التصنيف او مخطط الترفيف Dewey Decimal Classification
Koha [default] item type كتاب
260 ## - PUBLICATION, DISTRIBUTION, ETC. (IMPRINT)
-- القاهرة :
-- الدار المصرية اللبنانية ،
Holdings
حالة التراجع حالة الفقد حالة تلف ليس للاعارة المكان المؤقت الموقع الحالى تاريخ الاكتساب اجمالي اﻻعارات رقم الطلب الباركود تاريخ اخر مشاهدة تاريخ تفعيل السعر نوع وعاء كوها
        مكتبة القاهرة الكبرى مكتبة القاهرة الكبرى 12/24/2014   330.9\ س إ 159067 12/24/2014 12/24/2014 كتاب

Powered By

EGPV